000 03303cam a2200289 4500500
005 20260322004313.0
041 _afre
042 _adc
100 1 0 _aMaillard, Dorian
_eauthor
245 0 0 _aLes Ambiguïtés de la révolution industrielle « verte » de la plateforme de Carling : vers un nouveau cycle empêché de redynamisation territoriale par la décarbonation ?
260 _c2025.
500 _a96
520 _aSince the early 2020s, the Carling platform (Moselle coal basin) has experienced a new structural turning point in its development trajectory. This chemical site has witnessed a multiplication of industrial projects characterized by a common criterion: the reduction of greenhouse gas emissions. These decarbonization efforts are reshaping the structural process of reconversion affecting its surrounding territory and have led to the emergence of a new recovery model that seeks to reconcile “green” reindustrialization with territorial (re)development. However, most of these initiatives remain stalled at the project stage, revealing the risk of a dual operational failure of these interconnected objectives of ecological and territorial transitions. This communication therefore aims at clarifying the factors underlying this constrained territorialization of industrial decarbonization imperatives, with particular attention to the contemporary recompositions of proximity relations between industry and territory, and their re-inscription within the long-term development trajectory of this platform.
520 _aLa plateforme de Carling (bassin houiller mosellan) connaît, depuis le tournant des années 2020, une nouvelle bifurcation structurelle de sa trajectoire de développement. Ce site chimique a vu se multiplier les projets industriels caractérisés par un même critère de limitation des émissions industrielles de GES. Ces efforts de décarbonation viennent reconfigurer le processus structurel de reconversion subi par son territoire d’implantation et aboutissent à la structuration d’un nouveau modèle de relance cherchant à concilier réindustrialisation « verte » et (re)développement territorial. La plupart de ces initiatives reste toutefois aujourd’hui bloquée au stade de projet, révélant le risque d’une double mise en échec opérationnelle de ces objectifs connexes de transition écologique et territoriale. Cette communication propose donc d’expliciter les tenants de cette territorialisation contrariée des impératifs de décarbonation industrielle à l’aune, plus particulière, de la réinscription des recompositions contemporaines des relations de proximités entre industrie et territoire dans le temps long de la trajectoire de développement de cette plateforme.
690 _aDécarbonation
690 _aEcologie industrielle et territoriale
690 _aProximité
690 _aReconversion
690 _aRéindustrialisation
690 _aConversion
690 _aDecarbonisation
690 _aIndustrial and Territorial Ecology
690 _aProximity
690 _aReindustrialisation
786 0 _nInnovations | hors-série | HS1 | 2025-10-10 | p. 141-141 | 1267-4982
856 4 1 _uhttps://shs.cairn.info/revue-innovations-2025-HS1-page-141?lang=fr&redirect-ssocas=7080
999 _c1739188
_d1739188